[Event "Rated Blitz game"]
[Site "?"]
[Date "2021.05.23"]
[Round "?"]
[White "Nicah"]
[Black "annaly1979"]
[Result "1-0"]
[WhiteElo "2483"]
[BlackElo "2412"]
[PlyCount "77"]
[EventDate "2021.??.??"]
[EventType "blitz"]

1. e4 e5 2. Nf3 d5 3. exd5 e4 4. Qe2 f5 5. d3 Nf6 6. dxe4 fxe4 7. Nc3 Bb4 8.
Bd2 Bxc3 9. Bxc3 O-O 10. Ne5 Nbd7 11. O-O-O Nxe5 12. Bxe5 Qe7 13. Bc3 Bf5 14.
Qc4 Kh8 15. Bb4 Qd7 16. Bxf8 Rxf8 17. Be2 a6 18. f3 b5 19. Qc5 Re8 20. g4 Bg6
21. g5 Nh5 22. fxe4 Nf4 23. Bf3 Qh3 24. Rhf1 Qxh2 25. Bh1 b4 26. Rd2 Qh3 27.
Rdf2 Ne2+ 28. Kb1 h5 29. gxh6 gxh6 30. Rf8+ Kh7 31. Qf2 Rxf8 32. Qxf8 Qd7 33.
Qf2 Bh5 34. Bf3 Bxf3 35. Qxf3 Nd4 36. Qf6 Nb5 37. Rg1 Nd6 38. Qg6+ Kh8 39. Qg8#
{Normal} 1-0

[Event "Rated Blitz game"]
[Site "?"]
[Date "2021.05.23"]
[Round "?"]
[White "nrm18"]
[Black "GoughPhar"]
[Result "0-1"]
[WhiteElo "2485"]
[BlackElo "2408"]
[PlyCount "74"]
[EventDate "2021.??.??"]
[EventType "blitz"]

1. e4 e5 2. Nf3 d5 3. Nxe5 Nf6 4. exd5 Qxd5 5. d4 Nc6 6. Nf3 Bg4 7. Be2 O-O-O
8. Be3 Bb4+ 9. c3 Bd6 10. Nbd2 Rde8 11. h3 Bf5 12. Bc4 Rxe3+ 13. fxe3 Bg3+ 14.
Ke2 Qd6 15. Bd3 Bxd3+ 16. Kxd3 Re8 17. e4 Qf4 18. Qe2 Nd5 19. Rhf1 Re6 20. Ne5
Nxe5+ 21. dxe5 Qxe5 22. Nc4 Nf4+ 23. Rxf4 Qxf4 24. Rf1 Qg5 25. Rxf7 b5 26. Ne3
Rd6+ 27. Kc2 Bf4 28. Nd5 c6 29. Nxf4 Qc5 30. e5 Rd8 31. Rc7+ Kb8 32. Ne6 Qd5
33. Re7 Rf8 34. Nc7 Qxa2 35. Na6+ Ka8 36. Nb4 Qa4+ 37. b3 Qxb3+ {Time forfeit}
0-1

[Event "Rated Blitz game"]
[Site "?"]
[Date "2021.05.23"]
[Round "?"]
[White "Pri_sachu"]
[Black "KinzyabulatovRenat"]
[Result "1/2-1/2"]
[WhiteElo "2500"]
[BlackElo "2399"]
[PlyCount "123"]
[EventDate "2021.??.??"]
[EventType "blitz"]

1. e4 e5 2. Nf3 d5 3. Nxe5 Bd6 4. d4 dxe4 5. Bc4 Bxe5 6. dxe5 Qxd1+ 7. Kxd1 Nc6
8. Bf4 Nge7 9. Re1 Bg4+ 10. Kc1 O-O-O 11. Nc3 Ng6 12. Bg3 Ngxe5 13. Rxe4 Rhe8
14. Be2 f5 15. Re3 g5 16. Bxe5 Nxe5 17. f3 Bh5 18. b3 f4 19. Re4 Bg6 20. Ra4
Nc6 21. Ne4 Bxe4 22. Rxe4 Rxe4 23. fxe4 Ne5 24. Kb2 Rd2 25. Re1 g4 26. Kc3 Rd6
27. Rf1 Rf6 28. h3 f3 29. gxf3 gxf3 30. Bd1 c5 31. Kd2 Rh6 32. Bxf3 Rxh3 33.
Be2 Rh2 34. Rf5 Nd7 35. Rh5 Rxh5 36. Bxh5 Kc7 37. Ke3 Kd6 38. Kf4 Ne5 39. Kf5
b5 40. Be2 c4 41. c3 a5 42. b4 axb4 43. cxb4 c3 44. Bd1 Nc4 45. Bb3 c2 46. Bxc2
Ne3+ 47. Kf6 Nxc2 48. e5+ Kd7 49. Kf7 Nd4 50. Kg7 Ke6 51. Kxh7 Kxe5 52. Kg6 Nc2
53. Kf7 Nxb4 54. Ke7 Nxa2 55. Kd7 b4 56. Kc6 b3 57. Kc5 b2 58. Kc4 b1=Q 59. Kc5
Qb4+ 60. Kc6 Qc4+ 61. Kd7 Qa6 62. Ke7 {Time forfeit} 1/2-1/2

[Event "Rated Blitz game"]
[Site "?"]
[Date "2021.05.23"]
[Round "?"]
[White "hima_saber80"]
[Black "TheMonsterNotTheNM"]
[Result "0-1"]
[WhiteElo "2435"]
[BlackElo "2431"]
[PlyCount "80"]
[EventDate "2021.??.??"]
[EventType "blitz"]

1. e4 e5 2. Nf3 d5 3. d4 dxe4 4. Nxe5 Bd6 5. Bc4 Bxe5 6. Qh5 Qe7 7. dxe5 Nc6 8.
Bb5 Bd7 9. Bxc6 Bxc6 10. Nc3 g6 11. Qg5 h6 12. Qxe7+ Nxe7 13. Bf4 O-O-O 14. O-O
g5 15. Bg3 h5 16. h4 Nf5 17. hxg5 Nxg3 18. fxg3 Rhg8 19. Rxf7 Rxg5 20. e6 Rxg3
21. e7 Re8 22. Rd1 e3 23. Rf8 Rxg2+ 24. Kf1 Rf2+ 25. Rxf2 exf2 26. Kxf2 Rxe7
27. Rd4 Rg7 28. Ne2 Rg2+ 29. Ke1 Rh2 30. c4 b6 31. b4 Bf3 32. Nc3 h4 33. a4 h3
34. Rh4 Rc2 35. Nb5 h2 36. Nd4 Rxc4 37. Rh8+ Kb7 38. Nxf3 h1=Q+ 39. Rxh1 Rc1+
40. Kd2 Rxh1 {Normal} 0-1

[Event "Rated Blitz game"]
[Site "?"]
[Date "2021.05.23"]
[Round "?"]
[White "ne_otli4nik"]
[Black "TheMonsterNotTheNM"]
[Result "1-0"]
[WhiteElo "2462"]
[BlackElo "2434"]
[PlyCount "107"]
[EventDate "2021.??.??"]
[EventType "blitz"]

1. e4 e5 2. Nf3 d5 3. exd5 e4 4. Qe2 Nf6 5. d3 Qxd5 6. Nc3 Qa5 7. dxe4 Nc6 8.
Bd2 Bg4 9. Nd5 Bb4 10. c3 Bd6 11. c4 Bb4 12. Bxb4 Nxb4 13. Nxb4 Qxb4+ 14. Qd2
Qe7 15. Bd3 O-O-O 16. Qe3 Qb4+ 17. Nd2 Rxd3 18. Qxd3 Qxb2 19. Rb1 Qxa2 20. Qb3
Qxb3 21. Rxb3 Rd8 22. f3 Be6 23. Ke2 Nd7 24. Ra1 Kb8 25. Rb5 b6 26. Rab1 Kc8
27. R5b4 Nc5 28. Ra1 a5 29. Rbb1 Rd3 30. g3 Rc3 31. Rc1 Rxc1 32. Rxc1 Kb7 33.
Ra1 c6 34. Ke3 b5 35. cxb5 cxb5 36. Kd4 Kb6 37. Rc1 a4 38. Rxc5 a3 39. Rc1 Ka5
40. Kc5 Ka4 41. Rb1 a2 42. Ra1 Ka3 43. Kxb5 Kb2 44. Rxa2+ Bxa2 45. Kc6 Be6 46.
f4 Kc2 47. Nf3 Kd3 48. Ng5 Bg4 49. e5 Kd4 50. Nxf7 Ke4 51. Kd6 Kf5 52. e6 h6
53. Ne5 Kf6 54. e7 {Time forfeit} 1-0

[Event "Rated Blitz game"]
[Site "?"]
[Date "2021.05.23"]
[Round "?"]
[White "AGM_Marc_Paraguya"]
[Black "TheMonsterNotTheNM"]
[Result "0-1"]
[WhiteElo "2476"]
[BlackElo "2428"]
[PlyCount "46"]
[EventDate "2021.??.??"]
[EventType "blitz"]

1. e4 e5 2. Nf3 d5 3. exd5 e4 4. Qe2 Nf6 5. Nc3 Be7 6. Nxe4 O-O 7. d3 Nxd5 8.
Qd1 f5 9. Nc3 Nxc3 10. bxc3 Bf6 11. Bd2 Re8+ 12. Be2 Qe7 13. Kf1 c5 14. d4 Nc6
15. Bf4 g5 16. Bc4+ Kh8 17. Bc1 g4 18. Ne5 Nxe5 19. dxe5 Qxe5 20. Qe2 Qxe2+ 21.
Bxe2 Bxc3 22. Rb1 b6 23. Bd3 Re1# {Normal} 0-1

[Event "Rated Blitz game"]
[Site "?"]
[Date "2021.05.23"]
[Round "?"]
[White "AGM_Marc_Paraguya"]
[Black "TheMonsterNotTheNM"]
[Result "0-1"]
[WhiteElo "2488"]
[BlackElo "2423"]
[PlyCount "138"]
[EventDate "2021.??.??"]
[EventType "blitz"]

1. e4 e5 2. Nf3 d5 3. exd5 e4 4. Qe2 Nf6 5. Nc3 Be7 6. Nxe4 O-O 7. d3 Nxd5 8.
Qd1 f5 9. Nc3 Nxc3 10. bxc3 Bf6 11. d4 c5 12. Bc4+ Kh8 13. O-O Nc6 14. Be3 g5
15. Rb1 f4 16. Bc1 cxd4 17. cxd4 Nxd4 18. Bb2 Nxf3+ 19. Qxf3 Bxb2 20. Rxb2 Qd4
21. Qa3 Bf5 22. Bd3 Bxd3 23. cxd3 Rf7 24. Rb4 Qf6 25. Qb3 b6 26. Qd5 Rd8 27.
Qe4 Re7 28. Qc4 Red7 29. Rb5 Rxd3 30. g4 fxg3 31. hxg3 R3d4 32. Qc7 R8d7 33.
Qc8+ Kg7 34. Qb8 Rd1 35. Rb1 Rxb1 36. Rxb1 Qd6 37. Qe8 Re7 38. Qc8 Re2 39. Rf1
h6 40. Qb7+ Qe7 41. Qf3 Re6 42. Qc3+ Qf6 43. Qc7+ Re7 44. Qc2 Qe5 45. Qb3 Qe6
46. Qf3 Qe5 47. Kg2 Kg6 48. Rd1 Qe4 49. Qxe4+ Rxe4 50. Rd6+ Kf5 51. Rd7 Ra4 52.
Rxa7 Rxa7 53. Kf3 Rxa2 54. g4+ Kf6 55. Ke4 Ra4+ 56. Kd5 Rf4 57. Kc6 b5 58. Kb6
b4 59. Kc7 b3 60. Kd8 b2 61. Ke8 b1=Q 62. Kf8 Qe1 63. Kg8 Qxf2 64. Kh7 Qf3 65.
Kxh6 Qxg4 66. Kh7 Qg3 67. Kg8 g4 68. Kf8 Rf3 69. Ke8 Rf2 {Time forfeit} 0-1

[Event "Rated Blitz game"]
[Site "?"]
[Date "2021.05.23"]
[Round "?"]
[White "heretomakeit"]
[Black "annaly1979"]
[Result "0-1"]
[WhiteElo "2507"]
[BlackElo "2411"]
[PlyCount "46"]
[EventDate "2021.??.??"]
[EventType "blitz"]

1. e4 e5 2. Nf3 d5 3. Nxe5 Qe7 4. d4 f6 5. Nf3 dxe4 6. Nfd2 f5 7. Be2 Nf6 8.
O-O Nc6 9. Nc4 Be6 10. c3 Qf7 11. Ne5 Nxe5 12. dxe5 Nd7 13. f4 Bc5+ 14. Kh1 O-O
15. b4 Bb6 16. a4 a5 17. Ba3 Rfd8 18. Qe1 Nf8 19. b5 Ng6 20. Nd2 Be3 21. Bc1
Bxf4 22. g3 Bxe5 23. Qf2 Bxc3 {Normal} 0-1

[Event "Rated Blitz game"]
[Site "?"]
[Date "2021.05.23"]
[Round "?"]
[White "SmashTimeFools"]
[Black "TheMonsterNotTheNM"]
[Result "0-1"]
[WhiteElo "2445"]
[BlackElo "2443"]
[PlyCount "38"]
[EventDate "2021.??.??"]
[EventType "blitz"]

1. e4 e5 2. Nf3 d5 3. Bd3 dxe4 4. Bxe4 f5 5. Nxe5 fxe4 6. Qh5+ g6 7. Nxg6 hxg6
8. Qxh8 Kf7 9. Qc3 Nf6 10. Qb3+ Be6 11. Qxb7 Nbd7 12. Nc3 Nc5 13. Qc6 Rb8 14.
b4 Rb6 15. Qxb6 cxb6 16. bxc5 Bxc5 17. O-O Ng4 18. h3 Nxf2 19. Rxf2+ Qf6 {
Normal} 0-1

[Event "Rated Blitz game"]
[Site "?"]
[Date "2021.05.23"]
[Round "?"]
[White "bebeto80"]
[Black "magos33"]
[Result "1-0"]
[WhiteElo "2446"]
[BlackElo "2376"]
[PlyCount "75"]
[EventDate "2021.??.??"]
[EventType "blitz"]

1. e4 e5 2. Nf3 d5 3. d3 dxe4 4. dxe4 Qxd1+ 5. Kxd1 f6 6. Be3 Be6 7. c3 Nd7 8.
Nfd2 Bc5 9. Bxc5 Nxc5 10. Kc2 O-O-O 11. f3 Ne7 12. Bc4 Bxc4 13. Nxc4 Rd7 14.
Rd1 Rxd1 15. Kxd1 h5 16. Ke2 h4 17. a4 Rd8 18. b4 Nd3 19. g3 Nc1+ 20. Ke1 hxg3
21. hxg3 Rh8 22. Nbd2 Rh1+ 23. Nf1 Nd3+ 24. Ke2 Nf4+ 25. gxf4 exf4 26. Rd1 Ng6
27. Nfd2 Rh2+ 28. Kd3 a6 29. Rg1 Rh6 30. b5 axb5 31. axb5 Kd7 32. b6 c6 33. Nb3
Ke6 34. Nc5+ Kf7 35. Nxb7 Rh3 36. Nbd6+ Ke6 37. b7 Rh8 38. Nc8 {Time forfeit}
1-0

[Event "Rated Blitz game"]
[Site "?"]
[Date "2021.05.23"]
[Round "?"]
[White "Aventurero2018"]
[Black "TheMonsterNotTheNM"]
[Result "1-0"]
[WhiteElo "2510"]
[BlackElo "2420"]
[PlyCount "127"]
[EventDate "2021.??.??"]
[EventType "blitz"]

1. e4 e5 2. Nf3 d5 3. Nc3 d4 4. Ne2 Nc6 5. Ng3 a6 6. Bc4 Qe7 7. d3 g6 8. a3 Be6
9. Bxe6 Qxe6 10. b4 O-O-O 11. Bd2 h6 12. Qb1 Na7 13. a4 b6 14. c3 f5 15. cxd4
exd4 16. O-O h5 17. exf5 gxf5 18. Re1 Qd7 19. Ne5 Qd5 20. Qa2 Nf6 21. Nf7 h4
22. Qxd5 Nxd5 23. Nxf5 Bxb4 24. Bxb4 Nxb4 25. Nxh8 Rxh8 26. Nxd4 Nxd3 27. Re3
Nc5 28. a5 Rd8 29. Nf3 h3 30. g4 b5 31. Ne5 Rd5 32. f4 b4 33. g5 b3 34. g6 b2
35. Rb1 Rd2 36. Rg3 Rc2 37. Rxb2 Rxb2 38. g7 Rb1+ 39. Kf2 Ne4+ 40. Kf3 Nf6 41.
Rg6 Rb3+ 42. Ke2 Ng8 43. Rxa6 Kb7 44. Re6 Rb2+ 45. Kf3 Rxh2 46. Re8 Rg2 47.
Rxg8 Nb5 48. Ng4 Nd4+ 49. Ke4 Rxg4 50. Kxd4 h2 51. Rh8 Rxg7 52. Rxh2 Rf7 53.
Rh6 Rxf4+ 54. Kc5 Rf6 55. Kb4 Rf5 56. Rg6 Rf4+ 57. Kb5 Rf5+ 58. Ka4 Re5 59. Rg4
Rd5 60. Rb4+ Ka7 61. Rc4 Rd7 62. Rc6 Kb7 63. Rc5 Ka7 64. Kb5 {Time forfeit} 1-0

[Event "Rated Blitz tournament hitfgbY7"]
[Site "?"]
[Date "2021.05.23"]
[Round "?"]
[White "Shevizuki"]
[Black "CaroyinixDiscomix"]
[Result "1-0"]
[WhiteElo "2403"]
[BlackElo "2400"]
[PlyCount "55"]
[EventDate "2021.??.??"]
[EventType "blitz"]

1. e4 e5 2. Nf3 d5 3. exd5 e4 4. Nd4 Qxd5 5. Nb3 Nf6 6. Nc3 Qf5 7. Be2 Nc6 8.
O-O Bd6 9. d4 h5 10. f3 Bxh2+ 11. Kxh2 Ng4+ 12. fxg4 hxg4+ 13. Kg1 Qh5 14. Bf4
Be6 15. Nc5 e3 16. Bxe3 Qh2+ 17. Kf2 g3+ 18. Ke1 Qxg2 19. Bf3 Qh2 20. Qe2 O-O-O
21. d5 Ne5 22. dxe6 Qxe2+ 23. Kxe2 Rh2+ 24. Ke1 Nxf3+ 25. Rxf3 Rh1+ 26. Rf1 g2
27. Rg1 Re8 28. Kf2 {Time forfeit} 1-0

[Event "Rated Blitz game"]
[Site "?"]
[Date "2021.05.23"]
[Round "?"]
[White "khatkevich71"]
[Black "annaly1979"]
[Result "0-1"]
[WhiteElo "2405"]
[BlackElo "2370"]
[PlyCount "62"]
[EventDate "2021.??.??"]
[EventType "blitz"]

1. e4 e5 2. Nf3 d5 3. exd5 e4 4. Nd4 c5 5. Nb3 f5 6. c4 Nf6 7. d4 b6 8. dxc5
bxc5 9. Be3 Bd6 10. Nc3 O-O 11. Bxc5 Na6 12. Bxd6 Qxd6 13. Qd4 Bd7 14. c5 Qf4
15. Bxa6 Ng4 16. c6 Bc8 17. Bc4 Kh8 18. d6 Rd8 19. d7 Bxd7 20. cxd7 Rxd7 21.
Nd5 Rxd5 22. Bxd5 Rd8 23. Rc1 h5 24. h3 Rxd5 25. O-O Rxd4 26. hxg4 Rd8 27. gxf5
h4 28. Rc3 Rd3 29. Rc4 h3 30. Re1 Qg4 31. g3 Rxg3+ {Normal} 0-1

[Event "Rated Blitz game"]
[Site "?"]
[Date "2021.05.23"]
[Round "?"]
[White "ZUMAND"]
[Black "khalid_ontawar"]
[Result "1-0"]
[WhiteElo "2432"]
[BlackElo "2463"]
[PlyCount "131"]
[EventDate "2021.??.??"]
[EventType "blitz"]

1. e4 e5 2. Nf3 d5 3. Nxe5 Qe7 4. d4 f6 5. Nd3 dxe4 6. Nf4 Bf5 7. Bc4 Nc6 8. c3
O-O-O 9. O-O g5 10. Nh5 Bg6 11. Re1 Qe8 12. Ng3 h5 13. Nxe4 Bxe4 14. f3 f5 15.
fxe4 fxe4 16. Bxg5 Be7 17. Rxe4 Qg6 18. Bxe7 Qxe4 19. Bxd8 Kxd8 20. Qe2 Qg6 21.
Nd2 Nf6 22. Nf3 Re8 23. Ne5 Nxe5 24. dxe5 Ng4 25. e6 Kc8 26. h3 Kb8 27. hxg4
hxg4 28. Rd1 Qh5 29. e7 Qc5+ 30. Qf2 Qxe7 31. Qf4 g3 32. Qxg3 Qc5+ 33. Qf2 Qxc4
34. Re1 Rh8 35. Qd4 Qg8 36. Qe5 a6 37. b3 Qh7 38. Re3 Qh1+ 39. Kf2 Rg8 40. Rg3
Rd8 41. Qe2 Qh4 42. Qf3 Qh2 43. Qe3 b6 44. Rg4 Rd1 45. Rg8+ Ka7 46. Ra8+ Kxa8
47. Qf3+ Ka7 48. Qxd1 Qf4+ 49. Qf3 Qd2+ 50. Kg1 Qxa2 51. c4 a5 52. g4 Qa1+ 53.
Kg2 Qa3 54. g5 Qd6 55. Kh3 Qa3 56. g6 a4 57. g7 Qc1 58. Qg4 Qh6+ 59. Kg2 Qd2+
60. Kg3 Qd3+ 61. Kf4 Qd4+ 62. Kf5 Qd7+ 63. Kg5 Qd8+ 64. Kh6 Qg8 65. bxa4 b5 66.
axb5 {Time forfeit} 1-0

[Event "Rated Blitz game"]
[Site "?"]
[Date "2021.05.23"]
[Round "?"]
[White "nrm18"]
[Black "GoughPhar"]
[Result "1-0"]
[WhiteElo "2475"]
[BlackElo "2419"]
[PlyCount "87"]
[EventDate "2021.??.??"]
[EventType "blitz"]

1. e4 e5 2. Nf3 d5 3. Nxe5 Bd6 4. d4 dxe4 5. Nc4 Nf6 6. Ne3 O-O 7. Be2 Nc6 8.
c3 Ne8 9. O-O f5 10. f4 g5 11. Nc4 g4 12. Nxd6 Nxd6 13. Be3 Ne7 14. c4 Rf6 15.
g3 Rh6 16. Nc3 Rg6 17. c5 Ne8 18. Bc4+ Kg7 19. d5 h5 20. h4 gxh3 21. Qxh5 Nf6
22. Bd4 b5 23. cxb6 Bb7 24. Rad1 axb6 25. Kh1 b5 26. Nxb5 Nexd5 27. g4 e3 28.
Kh2 e2 29. Bxe2 c5 30. Be5 Kf7 31. gxf5 Nxh5 32. Bxh5 Rxa2 33. fxg6+ Kg8 34.
Nd6 Bc8 35. Rxd5 Be6 36. Rd2 c4 37. f5 c3 38. Bxc3 Bb3 39. f6 Ra7 40. f7+ Rxf7
41. gxf7+ Kh7 42. Rd3 Qf8 43. Rxh3 Bxf7 44. Rg1 {Time forfeit} 1-0

[Event "Rated Blitz game"]
[Site "?"]
[Date "2021.05.23"]
[Round "?"]
[White "durakitodemedellin"]
[Black "Erow"]
[Result "0-1"]
[WhiteElo "2582"]
[BlackElo "2751"]
[PlyCount "44"]
[EventDate "2021.??.??"]
[EventType "blitz"]

1. e4 e5 2. Nf3 d5 3. Nxe5 Bd6 4. d4 dxe4 5. Nc3 Bxe5 6. dxe5 Qxd1+ 7. Nxd1 Nc6
8. Bb5 Bd7 9. Bxc6 Bxc6 10. Bg5 Ne7 11. Ne3 Ng6 12. e6 fxe6 13. O-O-O O-O 14.
h4 Rxf2 15. h5 Ne5 16. h6 Nf7 17. Bh4 Re2 18. Ng4 Nxh6 19. Nxh6+ gxh6 20. Bf6
Rxg2 21. Rxh6 e3 22. Rdh1 Be4 {Normal} 0-1

[Event "Rated Blitz game"]
[Site "?"]
[Date "2021.05.23"]
[Round "?"]
[White "SeanGarnier"]
[Black "khalid_ontawar"]
[Result "0-1"]
[WhiteElo "2433"]
[BlackElo "2433"]
[PlyCount "92"]
[EventDate "2021.??.??"]
[EventType "blitz"]

1. e4 e5 2. Nf3 d5 3. Nxe5 Qe7 4. d4 f6 5. Nf3 dxe4 6. Ng1 Nc6 7. g3 Bd7 8. Bg2
O-O-O 9. Ne2 h5 10. h4 Bg4 11. c3 g5 12. hxg5 fxg5 13. Be3 Ne5 14. Nd2 Nd3+ 15.
Kf1 h4 16. gxh4 Bxe2+ 17. Qxe2 gxh4 18. Bxe4 Nxb2 19. Rb1 Qa3 20. Qb5 b6 21.
Bf5+ Kb8 22. Rxb2 Qxc3 23. Rc2 Qa3 24. Bf4 Bd6 25. Bxd6 Qxd6 26. Nf3 Ne7 27.
Be4 h3 28. Qe5 Qd7 29. a4 Rhe8 30. Qb5 Qg4 31. Nd2 Nd5 32. Bf3 Qf5 33. Rc1 Rg8
34. Bxd5 Rxd5 35. Qc6 Rg7 36. Qe8+ Kb7 37. Qe4 Qg5 38. Qf3 Qg2+ 39. Ke2 Re7+
40. Ne4 Rxe4+ 41. Qxe4 Qxe4+ 42. Kd2 Rxd4+ 43. Kc3 Qd3+ 44. Kb2 Rb4+ 45. Ka2
Qb3+ 46. Ka1 Rxa4# {Normal} 0-1

[Event "Rated Blitz game"]
[Site "?"]
[Date "2021.05.23"]
[Round "?"]
[White "compte_galere"]
[Black "artsportscience"]
[Result "1/2-1/2"]
[WhiteElo "2455"]
[BlackElo "2374"]
[PlyCount "61"]
[EventDate "2021.??.??"]
[EventType "blitz"]

1. e4 e5 2. Nf3 d5 3. exd5 e4 4. Qe2 Nf6 5. d3 Qxd5 6. Nc3 Bb4 7. Bd2 Bxc3 8.
Bxc3 O-O 9. dxe4 Nxe4 10. Rd1 Nxc3 11. Rxd5 Nxe2 12. Bxe2 Be6 13. Rd2 Nc6 14.
O-O Rfe8 15. Bb5 Bg4 16. Bxc6 bxc6 17. Nd4 Rad8 18. f3 c5 19. Nb3 Rxd2 20. Nxd2
Bf5 21. c3 Re2 22. Rf2 Re1+ 23. Nf1 Bd3 24. g3 Rb1 25. b3 Ra1 26. Kg2 Bxf1+ 27.
Rxf1 Rxa2+ 28. Rf2 Rxf2+ 29. Kxf2 Kf8 30. Ke3 Ke7 31. Kd3 {Normal} 1/2-1/2

[Event "Rated Blitz game"]
[Site "?"]
[Date "2021.05.23"]
[Round "?"]
[White "nrm18"]
[Black "GoughPhar"]
[Result "0-1"]
[WhiteElo "2477"]
[BlackElo "2415"]
[PlyCount "48"]
[EventDate "2021.??.??"]
[EventType "blitz"]

1. e4 e5 2. Nf3 d5 3. Nxe5 Bd6 4. d4 dxe4 5. Nc4 Nf6 6. Ne3 O-O 7. Be2 Ne8 8.
O-O f5 9. f4 Nc6 10. c4 Qh4 11. g3 Qh6 12. c5 Be7 13. Nc3 Bf6 14. Nc2 Be6 15.
d5 Rd8 16. Bc4 Be7 17. Be3 Nf6 18. Qd2 Ng4 19. Qe2 Na5 20. h4 Nxc4 21. Qxc4
Bxh4 22. gxh4 Qxh4 23. Qe2 Rf6 24. dxe6 Rg6 {Time forfeit} 0-1

[Event "Rated Blitz game"]
[Site "?"]
[Date "2021.05.23"]
[Round "?"]
[White "hadibeabisibe"]
[Black "artsportscience"]
[Result "1-0"]
[WhiteElo "2437"]
[BlackElo "2367"]
[PlyCount "77"]
[EventDate "2021.??.??"]
[EventType "blitz"]

1. e4 e5 2. Nf3 d5 3. exd5 e4 4. Qe2 Nf6 5. d3 Qxd5 6. Nfd2 Nc6 7. Nxe4 Be6 8.
Nxf6+ gxf6 9. Qe4 Qa5+ 10. Bd2 Qb6 11. Nc3 O-O-O 12. O-O-O f5 13. Qa4 Bg7 14.
Be3 Bd4 15. Be2 Bxe3+ 16. fxe3 Qxe3+ 17. Kb1 Kb8 18. Rhe1 Qb6 19. Bf3 Nd4 20.
Re5 Nxf3 21. gxf3 Rd4 22. Qa3 Qd6 23. Qxd6 cxd6 24. Re2 Rg8 25. Nb5 Rf4 26. Rf1
d5 27. c3 Rg5 28. Nd4 Rh5 29. Rg2 a6 30. b3 Rfh4 31. Rff2 f4 32. Kc2 Rh6 33.
Kd2 Rg6 34. Ke2 Rxg2 35. Rxg2 Rh6 36. Kf2 Rg6 37. Ne2 Rxg2+ 38. Kxg2 Bf5 39.
Nxf4 {Normal} 1-0

[Event "Rated Blitz game"]
[Site "?"]
[Date "2021.05.23"]
[Round "?"]
[White "afchex"]
[Black "magos33"]
[Result "1-0"]
[WhiteElo "2406"]
[BlackElo "2388"]
[PlyCount "105"]
[EventDate "2021.??.??"]
[EventType "blitz"]

1. e4 e5 2. Nf3 d5 3. Nxe5 Bd6 4. d4 dxe4 5. Bc4 Bxe5 6. Qh5 Qe7 7. Qxe5 Qxe5
8. dxe5 Nc6 9. Bf4 Nge7 10. Nc3 Bf5 11. O-O-O Ng6 12. Bg3 Ngxe5 13. Bd5 O-O-O
14. Bxe4 Bxe4 15. Nxe4 Rhe8 16. Rxd8+ Rxd8 17. Rd1 Rxd1+ 18. Kxd1 f5 19. Nc5 b6
20. Ne6 g6 21. h3 h6 22. h4 Kd7 23. Nf4 g5 24. Ne2 f4 25. Bh2 Ke6 26. g3 f3 27.
Nc3 g4 28. Ne4 Ne7 29. b3 c5 30. Nc3 Nd5 31. Nb5 a6 32. Na3 b5 33. Kd2 Nb4 34.
Nb1 Nxa2 35. c3 b4 36. c4 Kf5 37. Ke3 Nc3 38. Nxc3 bxc3 39. Bg1 a5 40. Bh2 Nc6
41. Kd3 Nd4 42. Kxc3 Ke4 43. h5 Nf5 44. Kc2 Ng7 45. Kb2 Nxh5 46. Ka3 Nf6 47.
Ka4 Kd4 48. Kb5 Kc3 49. Kxc5 Kxb3 50. Kb5 a4 51. c5 a3 52. c6 a2 53. c7 {
Time forfeit} 1-0

[Event "Rated Blitz game"]
[Site "?"]
[Date "2021.05.23"]
[Round "?"]
[White "skt_kvazi"]
[Black "annaly1979"]
[Result "0-1"]
[WhiteElo "2414"]
[BlackElo "2406"]
[PlyCount "78"]
[EventDate "2021.??.??"]
[EventType "blitz"]

1. e4 e5 2. Nf3 d5 3. exd5 e4 4. Qe2 f5 5. d3 Nf6 6. Nc3 Bb4 7. Bd2 Bxc3 8.
Bxc3 O-O 9. dxe4 Nxe4 10. O-O-O Nxc3 11. bxc3 Nd7 12. Ne5 Re8 13. f4 Nf6 14.
Qf3 Qd6 15. h3 a6 16. g4 b5 17. gxf5 Bxf5 18. Bd3 Qa3+ 19. Kb1 Bxd3 20. Rxd3 b4
21. cxb4 Qxb4+ 22. Rb3 Qd6 23. Rd1 a5 24. h4 a4 25. Rb2 Reb8 26. Nc6 Rxb2+ 27.
Kxb2 Ra6 28. Ka1 h5 29. Rb1 a3 30. Rb8+ Kh7 31. Ne5 Qxd5 32. Qxd5 Nxd5 33. f5
Rf6 34. Rb5 Rxf5 35. Nd3 Rf1+ 36. Rb1 Rf3 37. Rg1 Nc3 38. Nb4 Rf2 39. Rc1 c5 {
Time forfeit} 0-1

[Event "Rated Blitz tournament hvDr3isy"]
[Site "?"]
[Date "2021.05.23"]
[Round "?"]
[White "Sammeister"]
[Black "ErikD2772"]
[Result "1-0"]
[WhiteElo "2447"]
[BlackElo "2265"]
[PlyCount "91"]
[EventDate "2021.??.??"]
[EventType "blitz"]

1. e4 e5 2. Nf3 d5 3. Nxe5 Bd6 4. d4 dxe4 5. Nc4 Nf6 6. Nxd6+ Qxd6 7. Be2 O-O
8. O-O Nc6 9. Be3 Bf5 10. c3 Rad8 11. Nd2 Qd7 12. a4 Rfe8 13. Bg5 Kh8 14. Nc4
h6 15. Bh4 Bh7 16. Qd2 Qe6 17. Ne3 Nd5 18. Bxd8 Nxd8 19. c4 Nf4 20. Rfe1 Qg6
21. Kh1 Nde6 22. Rad1 Nxe2 23. Qxe2 Nf4 24. Qg4 Qf6 25. Kg1 Nd3 26. Re2 Bg6 27.
Nd5 Qxd4 28. Nxc7 Re5 29. Nd5 Rg5 30. Qh4 Qxc4 31. Ne3 Qxa4 32. Red2 Ne5 33.
Kh1 Kh7 34. Qf4 Nd3 35. Rxd3 exd3 36. Qxa4 Bh5 37. Rxd3 Bg6 38. Rd1 Re5 39. Qd4
Re7 40. h4 h5 41. g3 Re4 42. Qd2 Re6 43. Kg1 Be4 44. Ng2 Bf3 45. Re1 Rg6 46.
Qd3 {Normal} 1-0

[Event "Rated Blitz game"]
[Site "?"]
[Date "2021.05.23"]
[Round "?"]
[White "viburnum"]
[Black "annaly1979"]
[Result "0-1"]
[WhiteElo "2401"]
[BlackElo "2385"]
[PlyCount "68"]
[EventDate "2021.??.??"]
[EventType "blitz"]

1. e4 e5 2. Nf3 d5 3. Nxe5 Qe7 4. d4 f6 5. Ng4 Nc6 6. Nc3 f5 7. Ne5 dxe4 8.
Nxc6 bxc6 9. Bc4 Nf6 10. O-O Be6 11. Bxe6 Qxe6 12. Ne2 Bd6 13. Nf4 Qf7 14. c3
O-O-O 15. Qa4 Bxf4 16. Bxf4 Nd5 17. Be5 Kd7 18. Qxa7 Ra8 19. Qc5 Rhb8 20. c4
Nb4 21. Bf4 Nd3 22. Qe5 Nxe5 23. Bxe5 Qxc4 24. b3 Qd5 25. Bxg7 Rg8 26. Be5 e3
27. f3 e2 28. Rf2 Qxb3 29. Re1 Rxa2 30. Rfxe2 Rxe2 31. Rxe2 Qd1+ 32. Kf2 Rxg2+
33. Kxg2 Qxe2+ 34. Kg3 c5 {Normal} 0-1

[Event "Rated Blitz game"]
[Site "?"]
[Date "2021.05.23"]
[Round "?"]
[White "heretomakeit"]
[Black "TheMonsterNotTheNM"]
[Result "1-0"]
[WhiteElo "2533"]
[BlackElo "2462"]
[PlyCount "105"]
[EventDate "2021.??.??"]
[EventType "blitz"]

1. e4 e5 2. Nf3 d5 3. exd5 e4 4. Ne5 Qxd5 5. d4 exd3 6. Nxd3 Nc6 7. Nc3 Qa5 8.
Be2 Be6 9. O-O O-O-O 10. a3 Bd6 11. Be3 Qf5 12. Bf3 Nf6 13. Bxc6 bxc6 14. Qf3
Ng4 15. Qxf5 Bxh2+ 16. Kh1 Bxf5 17. Bxa7 Bd6 18. Rad1 Rhe8 19. f3 Nf6 20. Rfe1
Bg3 21. Bf2 Bxd3 22. Bxg3 Bxc2 23. Rxe8 Rxe8 24. Rc1 Bb3 25. Kg1 Kd7 26. Kf2
Rb8 27. Be5 Ke6 28. Bxf6 gxf6 29. Ne4 Bd5 30. Nc5+ Kd6 31. b4 Ra8 32. Rc3 Re8
33. Nb7+ Kd7 34. Nc5+ Kc8 35. a4 Kb8 36. Nd7+ Kb7 37. Nxf6 Ra8 38. a5 Be6 39.
Nxh7 Ka6 40. Rxc6+ Kb5 41. Rxc7 Kxb4 42. Ng5 Rxa5 43. Nxe6 fxe6 44. g4 Re5 45.
f4 Ra5 46. Re7 Ra6 47. g5 Kc5 48. g6 Kd6 49. Rb7 Ra8 50. Kf3 Rg8 51. g7 e5 52.
f5 Kd5 53. f6 {Time forfeit} 1-0

[Event "Rated Blitz game"]
[Site "?"]
[Date "2021.05.23"]
[Round "?"]
[White "tunacem"]
[Black "anjaya01"]
[Result "1-0"]
[WhiteElo "2288"]
[BlackElo "2412"]
[PlyCount "67"]
[EventDate "2021.??.??"]
[EventType "blitz"]

1. e4 e5 2. Nf3 d5 3. Nxe5 Bd6 4. d4 dxe4 5. Bc4 Bxe5 6. dxe5 Qxd1+ 7. Kxd1 Nc6
8. Re1 Bg4+ 9. Be2 O-O-O+ 10. Bd2 h5 11. h3 Be6 12. Nc3 Rd4 13. Kc1 Nxe5 14.
Be3 Ra4 15. Nxa4 f5 16. Bxa7 Nf6 17. Bd4 Nc6 18. Bc3 h4 19. Nc5 Bf7 20. Nb3 Rh6
21. Nd4 Nxd4 22. Bxd4 Rg6 23. Bf1 Nd5 24. Be5 Re6 25. Bxg7 Nf4 26. a4 b6 27. a5
b5 28. a6 Kb8 29. Bxb5 Ka8 30. Bc4 Rg6 31. Bxf7 Rxg7 32. Bc4 Rxg2 33. a7 Rxf2
34. Rd1 {Normal} 1-0

[Event "Rated Blitz game"]
[Site "?"]
[Date "2021.05.23"]
[Round "?"]
[White "JJSilva1"]
[Black "blastol"]
[Result "1-0"]
[WhiteElo "2415"]
[BlackElo "2421"]
[PlyCount "53"]
[EventDate "2021.??.??"]
[EventType "blitz"]

1. e4 e5 2. Nf3 d5 3. d4 dxe4 4. Nxe5 Bd6 5. Nc4 Nf6 6. Nxd6+ Qxd6 7. Nc3 Nc6
8. Be3 Qb4 9. Qd2 Bg4 10. h3 Bh5 11. Bb5 O-O 12. O-O Qd6 13. Ne2 Rad8 14. c3
Nd5 15. Nf4 Bg6 16. Nxd5 Qxd5 17. Be2 Ne5 18. b3 Nd3 19. c4 Qd7 20. f3 f5 21.
f4 Rfe8 22. Bxd3 exd3 23. Qxd3 Re4 24. g3 Rde8 25. Bf2 Re2 26. Rfe1 Qc6 27.
Rxe2 {Normal} 1-0